Worst Flags Quiz - Statistics

General Stats
  • This quiz has been taken 43 times
  • The average score is 7 of 16
Answer Stats
Picture Answer % Correct
Jefferson City - United States
84%
Bienville Parish - United States
75%
Lake Sebu - Philipines
72%
Montgomery - United States
66%
Pocatello - United States
63%
Former New Mexico Flag - United States
59%
Detroit - United States
47%
European Union Proposal flag
44%
River Gee - Liberia
41%
Egypt proposal Flag
34%
Bhutan Royal Army Flag
22%
Jamaica Proposal Flag
22%
The Humanity Flag
16%
Former Minnesota Flag - United States
13%
Former Tucuman Flag - Argentina
9%
Meru County - Kenya
9%
No matching quizzes found
Score Distribution
Percent of People with Each Score
Percentile by Number Answered
Your Score History
You have not taken this quiz